000 00520nam a2200169Ia 4500
008 260520s2024 xx 000 0 und d
020 _a978-81-7434-745-9
041 _amar
082 _a954.8/KHA
100 _aखडपेकर, विनया
245 _aज्ञात - अज्ञात अहिल्याबाई होळकर
250 _a8th ed
260 _aपुणे
_bराजहंस प्रकाशन
_c2024
300 _a286p.
500 _aCat No: 14937
650 _aHISTORY
999 _c1221743
_d1221743